Click The Australian Cities On A Map - Statistics

General Stats
  • This quiz has been taken 31 times
  • The average score is 14 of 20
Answers on the Map
Answers color-coded by a green-red scale on the quiz's map according to % correct below.
 
Answer Stats
Answer % Correct
Canberra
100%
Melbourne
93%
Sydney
87%
Adelaide
80%
Alice Springs
80%
Darwin
80%
Hobart
80%
Cairns
73%
Mount Isa
73%
Perth
67%
Albury
60%
Dubbo
60%
Port Lincoln
60%
Port Macquarie
60%
Townsville
60%
Brisbane
53%
Broome
53%
Bundaberg
53%
Geraldton
53%
Mildura
33%
No matching quizzes found
Score Distribution
Percent of People with Each Score
Percentile by Number Answered
Your Score History
You have not taken this quiz